Brawl Stars tous les Brawlers - Statistiques

Statistiques générales
  • Ce quiz a été pris 100 687 fois
    4 512 depuis la dernière actualisation
  • Le résultat moyen est 64 sur 105
Statistiques - réponses
Rareté Réponse % Correct
Premier Brawler Shelly
97%
Rare Colt
93%
Rare Nita
89%
Rare Bull
87%
Rare El Costo
85%
Rare Rosa
85%
Rare Bartaba
84%
Rare Brock
82%
Légendaire Corbac
82%
Légendaire Léon
82%
Rare Poco
82%
Ultra Légendaire Kaze
81%
Légendaire Spike
81%
Mythique Buzz
80%
Ultra Légendaire Sirius
79%
Super Rare Jessie
78%
Épique Bo
77%
Super Rare Dynamike
77%
Épique Edgar
77%
Super Rare Ricochet
77%
Mythique Mortis
75%
Épique Polly
74%
Super Rare Darryl
73%
Super Rare Penny
72%
Épique Frank
71%
Légendaire Kit
71%
Super Rare Tick
71%
Légendaire Ambre
70%
Super Rare A.R.K.A.D
70%
Légendaire Surge
70%
Épique Billie
69%
Brawler Temporaire Buzz l'Éclair
68%
Épique Eliz@
68%
Légendaire Meg
68%
Mythique Damian
67%
Légendaire Émeri
67%
Super Rare Gus
67%
Légendaire Kenji
67%
Épique Colette
66%
Légendaire Chester
65%
Super Rare Jacky
65%
Épique Mandy
65%
Épique Pam
65%
Légendaire Pierce
65%
Super Rare Carl
64%
Légendaire Cordelius
63%
Mythique Tara
63%
Légendaire Draco
62%
Épique Béa
60%
Épique Gaël
58%
Épique Griff
58%
Mythique Fang
57%
Épique Stu
57%
Épique Belle
56%
Mythique Byron
56%
Mythique Janet
56%
Mythique Max
56%
Mythique D'jinn
55%
Épique Hank
55%
Mythique Lily
55%
Mythique Najia
55%
Épique Nani
55%
Mythique Wally
55%
Épique Grom
54%
Épique Sam
54%
Mythique Doug
53%
Mythique Juju
53%
Mythique Médor
53%
Épique Angelo
52%
Épique Berry
52%
Épique Bonnie
52%
Mythique Lou
52%
Épique Trunk
52%
Mythique Willow
52%
Mythique Chuck
51%
Épique Maisie
51%
Mythique Mico
51%
Mythique Monsieur M.
51%
Épique Shade
51%
Mythique Mina
50%
Épique Larry & Lawrie
49%
Mythique Squeak
49%
Épique Ash
48%
Mythique Eve
48%
Épique Lola
48%
Mythique Melodie
48%
Mythique Charlie
47%
Mythique Gigi
47%
Mythique Lumi
47%
Mythique Otis
47%
Mythique R-T
47%
Mythique Alli
46%
Mythique Glowy
46%
Mythique Gray
46%
Épique Meeple
46%
Mythique Ziggy
46%
Mythique Buster
45%
Mythique Moe
45%
Épique Pearl
45%
Mythique Clancy
44%
Mythique Finx
44%
Mythique Ollie
41%
Mythique Jae-Yong
39%
Mythique Starr Nova
33%
Épique Bolt
29%
Aucun quiz correspondant
Distribution des résultats
% des personnes avec chaque résultat
Percentile par nombre de réponses
Votre historique - résultats
Vous n’avez pas pris ce quiz depuis la dernière actualisation